| 000 | 00000nam##2200000za#4500 |
| 001 | 9.571142 |
| 003 | CaOODSP |
| 005 | 20210624182559 |
| 007 | cr ||||||||||| |
| 008 | 150406|2009||||xxc|||||o f|0| 0 eng|d |
| 022 | |a1919-6814 |
| 040 | |aCaOODSP|beng |
| 043 | |an-cn--- |
| 086 | 1 |aFs22-8/2-2009E-PDF |
| 110 | 1 |aCanada. |bDepartment of Fisheries and Oceans. |
| 245 | 10|aOptimal net depth for over-wintering Bay d'Espoir, Newfoundland and Labrador, aquaculture salmonids |h[electronic resource] |
| 260 | |aOttawa - Ontario : |bFisheries and Oceans Canada |
| 300 | |a4p.|bfigs., map, tables, photographs |
| 490 | 1 |aAquaculture Collaborative Research and Development Program (ACRDP) fact sheet |x1919-6814|vIssue 2, April 2009 |
| 590 | |a11-13-Supp|b2011-08-04 |
| 775 | 08|tProfondeur optimale des cages d'élevage de salmonidés dans la baie d'Espoir (Terre-Neuve-et-Labrador), en hiver |w(CaOODSP)9.601779 |
| 830 | #0|aAquaculture Collaborative Research and Development Program (ACRDP) fact sheet,|x1919-6814|vIssue 2, April 2009|w(CaOODSP)9.506434 |
| 856 | 40|ahttp://publications.gc.ca|qPDF|s981 KB|uhttps://publications.gc.ca/collections/collection_2011/mpo-dfo/Fs22-8-2-2009-eng.pdf|yIssue 2, April 2009 |
| 986 | |aDFO/2008-1493 |